00373nam a2200121Ia 4500008004100000040001700041041001200058082001600070100002300086245009100109260004000200300001100240230917s9999||||xx |||||||||||||| ||und|| e151221aMAIN aEnglish a342.7 H212H aHarsh, Bhanwar Lal 0aHuman rights law in India: Protection and implementation of the human rights act, 1993 aNew DelhibRegal Publicationsc2008 a397 p.